000 00584nam a2200229Ia 4500
003 OSt
005 20220928135329.0
006 a|||||r|||| 00| 0
007 ta
008 220927b |||||||| |||| 00| 0 eng d
024 _a1151
037 _cTextual
040 _aSDCL
_cSDCL
_beng
041 _2eng
_aeng
082 _aO-:g(Y15), N3
100 _aLandry Donna
_9489746
245 0 _aMaterialist feminisms
260 _c1993
700 _a Maclean Gerald
_9489747
942 _hO-:g(Y15), N3
_cTEXL
_2CC
999 _c805049
_d805049